Movies Based in Every US State - Statistics

General Stats
  • This quiz has been taken 27 times
  • The average score is 16 of 50
Answers on the Map
Answers color-coded by a green-red scale on the quiz's map according to % correct below.
 
Answer Stats
Answer % Correct
Sleepless In Seattle
82%
Ferris Bueller's Day Off
71%
Hoosiers
71%
Fargo
65%
Rocky
65%
Scarface
65%
The Wizard of Oz
65%
Twister
65%
Garden State
59%
Into the Wild
59%
Ocean's Eleven
59%
Seabiscuit
59%
Field of Dreams
47%
Back to the Future
41%
The Departed
41%
Tombstone
41%
American Pie
35%
Forgetting Sarah Marshall
35%
Napoleon Dynamite
35%
Spiderman
35%
Stand By Me
35%
The Notebook
35%
Dead Poets Society
29%
My Cousin Vinny
29%
Calamity Jane
24%
The Help
24%
The Shawshank Redemption
24%
127 Hours
18%
Boyhood
18%
Bridesmaids
18%
Gone Girl
18%
Hairspray
18%
Hidden Figures
18%
The Color Purple
18%
The Green Mile
18%
Beetlejuice
12%
Moonrise Kingdom
12%
Mud
12%
Teen Wolf
12%
The Hateful Eight
12%
Blue Ruin
6%
Crazy Heart
6%
Eight Crazy Nights
6%
Evil Dead
6%
Heathers
6%
Juno
6%
Matewan
6%
Sleeper
6%
Sonic the Hedgehog
6%
The Longest Ride
6%
No matching quizzes found
Score Distribution
Percent of People with Each Score
Percentile by Number Answered
Your Score History
You have not taken this quiz